000
00340nam a2200145Ia 4500
008
150201s2006 xx 000 0 und d
082
_a
611
_b
T2006T
100
_a
TANDAN,B.K
245
_a
TEX TBOOK OF HUMAN ANATOMY
250
_a
1ST
260
_b
ARYA PUBLICATION
_a
DELHI
_c
2006
300
_a
1-296
650
_a
ANATOMY
942
_2
ddc
_c
BK
999
_c
3540
_d
3540